<?xml version="1.0" encoding="UTF-8"?>
<record
    xmlns:xsi="http://www.w3.org/2001/XMLSchema-instance"
    xsi:schemaLocation="http://www.loc.gov/MARC21/slim http://www.loc.gov/standards/marcxml/schema/MARC21slim.xsd"
    xmlns="http://www.loc.gov/MARC21/slim">

  <leader>01104nam a2200205 i 4500</leader>
  <controlfield tag="001">38343</controlfield>
  <controlfield tag="003">ES-MaACL</controlfield>
  <controlfield tag="005">20250513063017.0</controlfield>
  <controlfield tag="007">t|</controlfield>
  <controlfield tag="008">030225m18261833sp           ||||1| spa d</controlfield>
  <datafield tag="100" ind1="1" ind2=" ">
    <subfield code="a">Calder&#xF3;n de la Barca, Pedro, </subfield>
    <subfield code="d">1600-1681</subfield>
    <subfield code="e">aut</subfield>
    <subfield code="9">239594</subfield>
  </datafield>
  <datafield tag="245" ind1="1" ind2="0">
    <subfield code="a">Comedias escogidas de Don Pedro Calderon de la Barca.</subfield>
  </datafield>
  <datafield tag="260" ind1=" " ind2=" ">
    <subfield code="a">Madrid : </subfield>
    <subfield code="b">Antonio Fern&#xE1;ndez, </subfield>
    <subfield code="c">1826-1833.</subfield>
  </datafield>
  <datafield tag="300" ind1=" " ind2=" ">
    <subfield code="a">4 v. ; </subfield>
    <subfield code="c">15 cm.</subfield>
  </datafield>
  <datafield tag="505" ind1="8" ind2=" ">
    <subfield code="a">Contiene: T. I: No hay burlas con el amor. La dama duende. No siempre lo peor es cierto. Ma&#xF1;anas de abril y mayo. -- T. II: El astr&#xF3;logo fingido. Dar tiempo al tiempo. El Petrarca de Jerusal&#xE9;n. C&#xFA;al es mayor perfecci&#xF3;n. -- T. III: Los empe&#xF1;os de un ocaso. Casa con dos puertas mala es de guardar. Amigo amante y leal. La cisma de Inglaterra. -- T. IV: Peor est&#xE1; que estaba. Mejor est&#xE1; que estaba. Comedias escogidas de Luis V&#xE9;lez de Guevara. Reinar despu&#xE9;s de morir. El hollero de Oca&#xF1;a.</subfield>
  </datafield>
  <datafield tag="650" ind1="1" ind2="4">
    <subfield code="a"> </subfield>
    <subfield code="9">239522</subfield>
  </datafield>
  <datafield tag="852" ind1=" " ind2=" ">
    <subfield code="x">   </subfield>
    <subfield code="x">    </subfield>
    <subfield code="a">BA      </subfield>
    <subfield code="j">R-2394-97      </subfield>
    <subfield code="b">R.1377-80 Olim: F-1377-80</subfield>
  </datafield>
  <datafield tag="942" ind1=" " ind2=" ">
    <subfield code="2">udc</subfield>
  </datafield>
  <datafield tag="999" ind1=" " ind2=" ">
    <subfield code="c">38343</subfield>
    <subfield code="d">38343</subfield>
  </datafield>
  <datafield tag="952" ind1=" " ind2=" ">
    <subfield code="0">0</subfield>
    <subfield code="1">0</subfield>
    <subfield code="4">0</subfield>
    <subfield code="7">0</subfield>
    <subfield code="8">LIBXIX</subfield>
    <subfield code="a">ATENEOM</subfield>
    <subfield code="b">ATENEOM</subfield>
    <subfield code="c">DEPO</subfield>
    <subfield code="d">2008-01-17</subfield>
    <subfield code="e">SC</subfield>
    <subfield code="l">0</subfield>
    <subfield code="o">R-2394-7</subfield>
    <subfield code="p">1040369</subfield>
    <subfield code="r">2023-02-23 00:00:00</subfield>
    <subfield code="w">2023-02-23</subfield>
    <subfield code="y">MONANT</subfield>
  </datafield>
</record>
